| 000 | 00707nas a2200241 4500 | ||
|---|---|---|---|
| 001 | BR8101833 | ||
| 003 | BR-BrBNA | ||
| 005 | 20231205084609.0 | ||
| 007 | ta | ||
| 008 | 230509b bl.|||p| |||| 00| 00por d | ||
| 040 |
_aBR-BrBNA _bpor _cBiblioteca Nacional de Agricultura |
||
| 041 | _a(Pt) | ||
| 072 | _aP05; F25 | ||
| 100 | 1 | _aSilva, D. da | |
| 245 | 1 | _aTransformando o lixo em tesouro, a solucao chinesa [Biogas] | |
| 650 | _aRecurso energetico | ||
| 650 | _aFertilizante | ||
| 650 | _aBiogas | ||
| 650 | _aChina | ||
| 773 | 0 |
_tEnergia Fontes Alternativas (Brazil) _xISSN 0100-6371 _g(Mar 1981), v. 3(13) p. 26-27 _wBR8101833 |
|
| 909 |
_a202311 _bLúcia _c55 _dLúcia Elande |
||
| 942 |
_2AGRIS _n0 _cANA |
||
| 999 |
_c106157 _d106157 |
||